000
00320 a2200169 4500
001
186557
020
_a
040
_c
Magnum
100
_a
Aragao, Cristina
240
1
0
_a
Ilerê
_l
por
245
1
0
_a
Ilerê
300
_a
33
362
0
_a
1992
440
1
_a
Bagaço
697
_a
LITERATURA INFANTIL
942
_c
BK
999
_c
186557
_d
186557